| 000 | 00559nam a2200193Ia 4500 | ||
|---|---|---|---|
| 005 | 20250508154647.0 | ||
| 008 | 008 250505s9999 xx 000 0 eng d | ||
| 037 | _aTextual | ||
| 040 |
_aFEDL _beng _cFEDL |
||
| 041 |
_aeng _2eng |
||
| 084 |
_a020, MUK _qFEDL |
||
| 100 |
_aMukherjee A K _945070 |
||
| 245 | 0 | _aLibrarianship: Its philosophy and history | |
| 260 |
_aBombay, India _bAsia Publishing House _c1966 |
||
| 300 | _axi,220p. | ||
| 650 | _aLibrary and Information Sciences | ||
| 942 |
_cTEXL _h020, MUK |
||
| 999 |
_c1351458 _d1351458 |
||